000 00428nam a22001697a 4500
003 NUST - PNEC
005 20170116181014.0
008 150912b xxu||||| |||| 00| 0 eng d
020 _a0070249318
040 _cLIBRARY
082 _a621.38153 GRO
100 _99593
_aGrob, Bernard
245 _aElectronic circuits and applications
_cBernard Grob
260 _cc.1982
650 _99596
_aElectronics
_xEL
942 _2ddc
_cBK
999 _c67206
_d67206